000 00586nam a2200193Ia 4500
005 20250224145441.0
008 210628s9999 xx 000 0 und d
020 _a9780656685
040 _aNLN
_bEnglish
_eAACR2
050 _aPZ7.A232
_bS884
082 _a823
100 _aADENUGA, Moyinoluwa
_eaut
_963143
245 0 _aStories for young hearth /
_cMoyinoluwa Adenuga
260 _aAbeokuta, Tejumola Plaza, Car Wash :
_bDAJOP Publishers,
_c2005.
300 _avii, 31P. :
_b ill. ; 18cm.
563 _a(pbk)
650 _aChildrens stories Nigerian (English)
_911482
942 _cBK
_n0
999 _c5944
_d5944